00625 a2200133 4500001000700000020001900007040003200026100002000058245001900078250000600097260001600103362000900119520036300128119642 a978-8516034856 cEscola Canadense de Niteroi aQuintana, Mario10aNariz de Vidro a2 aSão Paulo0 a2003 aA maior sensibilidade de um dos maiores poetas brasileiros. O mundo poético deste livro é feito de ternura, melancolia, lirismo, nostalgia da infância e um humor irônico e transparente. É uma coletânea do melhor da obra deste poeta, um dos maiores da poesia brasileira de todos os tempos. Um livro para não se perder, da juventude à velhice.